Vuoden 2026 MM-kisojen maiden logot - Statistics

Yleistilastot
  • Tätä visaa on pelattu 34 kertaa
  • Keskiarvotulos 22 / 42
Vastaustilastot
Kuvavisa Vastaus % Oikein
Norja
97%
Englanti
90%
Alankomaat
87%
Brasilia
87%
Ranska
87%
Belgia
77%
Kroatia
77%
Qatar
77%
Saksa
77%
Yhdysvallat
77%
Kanada
73%
Portugali
73%
Iran
70%
Kolumbia
70%
Norsunluurannikko
70%
Argentiina
67%
Espanja
67%
Itävalta
67%
Australia
57%
Panama
57%
Skotlanti
57%
Tunisia
57%
Algeria
53%
Ghana
53%
Japani
50%
Senegal
50%
Meksiko
47%
Uruguay
40%
Uusi-Seelanti
40%
Marokko
37%
Ecuador
33%
Paraguay
33%
Egypti
30%
Etelä-Korea
27%
Saudi-Arabia
27%
Sveitsi
23%
Curaçao
20%
Kap Verde
20%
Jordania
17%
Haiti
7%
Etelä-Afrikka
0%
Uzbekistan
0%
Ehtoja vastaavia visoja ei löytynyt
Tulosjakauma
Jokaisen tuloksen saaneiden osuus
Persentiili vastausten määrän mukaan
Tuloshistoriasi
Et ole pelannut tätä visaa